<?xml version="1.0" encoding="UTF-8"?><?xml-stylesheet type="text/xsl" href="static/style.xsl"?><OAI-PMH xmlns="http://www.openarchives.org/OAI/2.0/" xmlns:xsi="http://www.w3.org/2001/XMLSchema-instance" xsi:schemaLocation="http://www.openarchives.org/OAI/2.0/ http://www.openarchives.org/OAI/2.0/OAI-PMH.xsd"><responseDate>2026-04-14T02:07:57Z</responseDate><request verb="GetRecord" identifier="oai:www.recercat.cat:10230/1115" metadataPrefix="marc">https://recercat.cat/oai/request</request><GetRecord><record><header><identifier>oai:recercat.cat:10230/1115</identifier><datestamp>2025-12-23T02:15:44Z</datestamp><setSpec>com_2072_6</setSpec><setSpec>col_2072_452953</setSpec></header><metadata><record xmlns="http://www.loc.gov/MARC21/slim" xmlns:dcterms="http://purl.org/dc/terms/" xmlns:xsi="http://www.w3.org/2001/XMLSchema-instance" xmlns:doc="http://www.lyncode.com/xoai" xsi:schemaLocation="http://www.loc.gov/MARC21/slim http://www.loc.gov/standards/marcxml/schema/MARC21slim.xsd">
   <leader>00925njm 22002777a 4500</leader>
   <datafield ind2=" " ind1=" " tag="042">
      <subfield code="a">dc</subfield>
   </datafield>
   <datafield ind2=" " ind1=" " tag="720">
      <subfield code="a">Penalva, José S.</subfield>
      <subfield code="e">author</subfield>
   </datafield>
   <datafield ind2=" " ind1=" " tag="260">
      <subfield code="c">2017-07-26T10:50:36Z</subfield>
   </datafield>
   <datafield ind2=" " ind1=" " tag="260">
      <subfield code="c">2017-07-26T10:50:36Z</subfield>
   </datafield>
   <datafield ind2=" " ind1=" " tag="260">
      <subfield code="c">2000-11-01</subfield>
   </datafield>
   <datafield ind2=" " ind1=" " tag="260">
      <subfield code="c">2017-07-23T02:05:15Z</subfield>
   </datafield>
   <datafield ind2=" " ind1=" " tag="520">
      <subfield code="a">This paper extends existing insurance results on the type of &#xd;
insurance contracts needed for insurance market efficiency to&#xd;
a dynamic setting. It introduces continuosly open markets &#xd;
that allow for more efficient asset allocation. It also&#xd;
eliminates the role of preferences and endowments in &#xd;
the classification of risks, which is done primarily in &#xd;
terms of the actuarial properties of the underlying risk&#xd;
process. The paper further extends insurability to &#xd;
include correlated and catstrophic events. Under these &#xd;
very general conditions the paper defines a condition &#xd;
that determines whether a small number of standard &#xd;
insurance contracts (together with aggregate assets) &#xd;
suffice to complete markets or one needs to introduce &#xd;
such assets as mutual insurance.</subfield>
   </datafield>
   <datafield tag="653" ind2=" " ind1=" ">
      <subfield code="a">risk sharing</subfield>
   </datafield>
   <datafield tag="653" ind2=" " ind1=" ">
      <subfield code="a">insurance</subfield>
   </datafield>
   <datafield tag="653" ind2=" " ind1=" ">
      <subfield code="a">complete markets</subfield>
   </datafield>
   <datafield tag="653" ind2=" " ind1=" ">
      <subfield code="a">insurable risks</subfield>
   </datafield>
   <datafield tag="653" ind2=" " ind1=" ">
      <subfield code="a">Finance and Accounting</subfield>
   </datafield>
   <datafield ind2="0" ind1="0" tag="245">
      <subfield code="a">Insurance with frequent trading: A dynamic analysis of efficient insurance markets</subfield>
   </datafield>
</record></metadata></record></GetRecord></OAI-PMH>